| 000 | 00395 a2200133 4500 | ||
|---|---|---|---|
| 001 | 88393 | ||
| 082 | _aPR 608 | ||
| 090 |
_c41818 _d41818 |
||
| 100 | _aAbdullah Tariq; Omair Sarwar | ||
| 245 | _aDesign and implementation of a frequency hopping system on a software defined radio | ||
| 260 |
_aRisalpur _bNUST Risalpur _c2009 |
||
| 300 |
_axii, 78p. _eSohail Ahmed |
||
| 500 | _aBE Project Reports | ||
| 942 |
_aCAE NUST _kPR 608 |
||
| 999 |
_c323466 _d323466 |
||